[Event "Open Semana Santa 2023"]
[Site "?"]
[Date "2023.04.07"]
[Round "5.87"]
[White "Aura, Daniel"]
[Black "Gomez Sanjuan, Hector Fernando"]
[Result "1/2-1/2"]
[WhiteElo "1708"]
[BlackElo "2124"]
[PlyCount "130"]
[EventDate "2023.??.??"]

1. e4 e6 2. d4 d5 3. exd5 exd5 4. Bd3 Bd6 5. Nf3 Bg4 6. O-O Ne7 7. Nbd2 Nbc6 8.
c3 Qd7 9. b4 O-O 10. Re1 Ng6 11. Qc2 Rae8 12. Bb2 Bf4 13. a4 Nce7 14. b5 Bf5
15. Ba3 Bxd3 16. Qxd3 Bd6 17. Bxd6 Qxd6 18. c4 Qf4 19. Ne5 Nxe5 20. Rxe5 dxc4
21. Nxc4 Ng6 22. Rxe8 Rxe8 23. Na5 Qg4 24. Qd1 Qe4 25. d5 Nf4 26. f3 Qe3+ 27.
Kh1 Qc3 28. Nxb7 Re2 29. Rc1 Qb2 30. Rb1 Qe5 31. Nc5 Rxg2 32. Qe1 Re2 33. Qg3
Ra2 34. Qe1 Re2 35. Qg3 Qe3 36. Rg1 g6 37. Ne4 Nd3 38. Rg2 Ne1 39. Rxe2 Qxe2
40. Qf2 Qxf3+ 41. Qxf3 Nxf3 42. h3 Kf8 43. d6 Ke8 44. a5 Kd7 45. dxc7 Kxc7 46.
Nf6 h5 47. Nd5+ Kb8 48. Kg2 Nd4 49. Nb4 Nb3 50. a6 Nc5 51. h4 Nxa6 52. bxa6 Kc7
53. Nd5+ Kc6 54. Nf4 Kb5 55. Nd3 Kxa6 56. Ne5 Kb6 57. Kf2 a5 58. Ke2 a4 59. Kd2
f5 60. Nxg6 Kc7 61. Kc2 Kd6 62. Nf4 Ke5 63. Nxh5 f4 64. Nxf4 Kxf4 65. Kb2 Kg4
1/2-1/2

[Event "Open Semana Santa 2023"]
[Site "?"]
[Date "2023.04.07"]
[Round "5.88"]
[White "Galstyan, David"]
[Black "Herraiz Gomez, Iker"]
[Result "1-0"]
[WhiteElo "2119"]
[BlackElo "1668"]
[PlyCount "53"]

1. e4 c5 2. Nc3 e6 3. f4 g6 4. d4 d5 5. exd5 exd5 6. dxc5 d4 7. Ne4 Bxc5 8.
Nxc5 Qa5+ 9. c3 Qxc5 10. Qxd4 Qxd4 11. cxd4 Nc6 12. Bb5 Bd7 13. Nf3 O-O-O 14.
O-O f6 15. b3 a6 16. Bxc6 Bxc6 17. Ba3 Bxf3 18. Rxf3 Rd7 19. Rc1+ Kb8 20. Re3
Nh6 21. Bc5 Nf5 22. Re4 Rhd8 23. Bb6 Rf8 24. g4 Nd6 25. Re6 Nb5 26. Rce1 Nd6
27. Bc5 1-0

[Event "Open Semana Santa 2023"]
[Site "?"]
[Date "2023.04.07"]
[Round "5.89"]
[White "Anton Ortiz, Carlos"]
[Black "Cano Mateos, Pablo"]
[Result "1/2-1/2"]
[WhiteElo "1668"]
[BlackElo "2112"]
[PlyCount "96"]

1. d4 Nf6 2. Nf3 e6 3. c4 d5 4. g3 Bb4+ 5. Bd2 Be7 6. Bg2 O-O 7. Nc3 Nbd7 8.
O-O b6 9. Qb3 Bb7 10. Rac1 c5 11. cxd5 Nxd5 12. e4 Nxc3 13. Rxc3 Bxe4 14. Be3
cxd4 15. Bxd4 Nc5 16. Qd1 Bf6 17. Bxc5 bxc5 18. Re3 Bd5 19. Qc2 Qb6 20. b3 Rac8
21. Ne5 Rfd8 22. Nc4 Qc7 23. Rd3 Bd4 24. Rc1 Bxg2 25. Kxg2 Qc6+ 26. Kg1 h5 27.
Nd2 Qd5 28. Kf1 Qh1+ 29. Ke2 Qxh2 30. Rf1 e5 31. Ne4 Qh3 32. Qc4 Qf5 33. f3 Qh3
34. Rd2 Rc7 35. b4 Rdc8 36. b5 Rb8 37. a4 Rb6 38. a5 Rg6 39. Qd5 Rd7 40. Qa8+
Kh7 41. Qc8 Qe6 42. Rh1 Qc4+ 43. Rd3 Qxb5 44. Rxh5+ Rh6 45. Rxh6+ Kxh6 46. Qh8+
Kg6 47. g4 Qb2+ 48. Rd2 Qb5+ 1/2-1/2

[Event "Open Semana Santa 2023"]
[Site "?"]
[Date "2023.04.07"]
[Round "5.90"]
[White "Gonzalez Castillo, Jose Javier"]
[Black "Mendez Gimenez, Nestor Emmanuel"]
[Result "1/2-1/2"]
[WhiteElo "2107"]
[BlackElo "1657"]
[PlyCount "70"]

1. e4 c5 2. Nf3 g6 3. d4 Bg7 4. Nc3 cxd4 5. Nxd4 Nc6 6. Be3 Nf6 7. Bc4 O-O 8.
Bb3 a5 9. a4 Ng4 10. Nxc6 Nxe3 11. Nxd8 Nxd1 12. Rxd1 Rxd8 13. Nd5 e6 14. Nb6
Ra6 15. Nxc8 Rxc8 16. Rxd7 Rb6 17. Ke2 Bxb2 18. Rhd1 Bf6 19. f4 Kf8 20. e5 Be7
21. R1d3 Ke8 22. g3 h5 23. Kf3 Rb4 24. h3 b5 25. Rb7 bxa4 26. Rxb4 Bxb4 27.
Bxa4+ Kf8 28. g4 Rc3 29. gxh5 gxh5 30. Ke4 Kg7 31. Rxc3 Bxc3 32. Kd3 Bb4 33.
Kd4 Bd2 34. Ke4 Bc3 35. Kd3 Bb4 1/2-1/2

[Event "Open Semana Santa 2023"]
[Site "?"]
[Date "2023.04.07"]
[Round "5.91"]
[White "Advaitt Srikant Koduri"]
[Black "Bas Mas, Miguel"]
[Result "1/2-1/2"]
[WhiteElo "1630"]
[BlackElo "2107"]
[PlyCount "287"]

1. d4 f5 2. Nf3 Nf6 3. g3 g6 4. Bg2 Bg7 5. O-O O-O 6. c4 d6 7. Nc3 c6 8. e3 Qc7
9. Qc2 a5 10. Rd1 Na6 11. a3 e5 12. Ne2 e4 13. Nd2 Be6 14. b3 Qe7 15. Bb2 Bf7
16. Bc3 Nc7 17. a4 b6 18. Rab1 Na6 19. b4 Nxb4 20. Bxb4 axb4 21. Rxb4 Nd7 22.
Rdb1 Ra7 23. Nf1 Rc8 24. Rxb6 Nxb6 25. Rxb6 Qc7 26. c5 dxc5 27. dxc5 Rca8 28.
g4 Rxa4 29. gxf5 gxf5 30. Neg3 Rc4 31. Qb1 Rxc5 32. Rb7 Qc8 33. Bh3 Qe6 34. Kg2
Rf8 35. Qb4 Re5 36. Ne2 c5 37. Qb1 Qa2 38. Qxa2 Bxa2 39. Nfg3 Be6 40. Nf4 Bc8
41. Rc7 Bh6 42. Nfe2 Be6 43. Nf4 Bb3 44. Rc6 Bg7 45. Kf1 Ba4 46. Rc7 Bb5+ 47.
Kg2 Be8 48. Rc8 Bh6 49. Nxf5 Bg5 50. Nd6 Bf7 51. Rc7 Re7 52. Rxc5 Bxf4 53. exf4
Be6 54. f5 Bd7 55. Rc3 Rf6 56. Rg3+ Kf8 57. Nc4 Bxf5 58. Bxf5 Rxf5 59. Ne3 Ra5
60. Rg4 Kf7 61. Kg3 h5 62. Rf4+ Kg6 63. Rf8 Rf7 64. Rxf7 Kxf7 65. Kf4 Ra2 66.
Kg3 Kf6 67. Nd5+ Ke5 68. Ne3 Kd4 69. Nf5+ Kd3 70. Kg2 Ra5 71. Ne3 Ke2 72. h4
Ra3 73. Nf5 Kd3 74. Ne3 Ra5 75. Kg1 Ra6 76. Kf1 Rg6 77. Ng2 Rg4 78. Ne1+ Kd4
79. Ng2 Ke5 80. Kg1 Rg7 81. Kf1 Kf5 82. Ne3+ Kf4 83. Ke2 Ra7 84. Nd5+ Kg4 85.
Nf6+ Kxh4 86. Nxe4 Kg4 87. Kf1 h4 88. Kg2 h3+ 89. Kh2 Ra1 90. Nd2 Rd1 91. Ne4
Rf1 92. Nf6+ Kf3 93. Nd5 Rxf2+ 94. Kxh3 Rg2 95. Kh4 Rd2 96. Nf6 Kf4 97. Nh5+
Ke5 98. Kg4 Rd4+ 99. Kg5 Rd1 100. Kg4 Rd4+ 101. Kg5 Ra4 102. Nf6 Ke6 103. Ng4
Re4 104. Nf6 Re5+ 105. Kg6 Rf5 106. Ng4 Rf8 107. Kg5 Rf5+ 108. Kg6 Rb5 109. Nf6
Rb1 110. Kg5 Rf1 111. Ng4 Rf8 112. Nh6 Rh8 113. Kg6 Ra8 114. Nf5 Rg8+ 115. Ng7+
Ke7 116. Kh7 Kf7 117. Nf5 Rg5 118. Nh6+ Kf8 119. Kh8 Rg7 120. Nf5 Rf7 121. Nh6
Rb7 122. Nf5 Rd7 123. Nh6 Ra7 124. Ng8 Kf7 125. Kh7 Kf8+ 126. Kh8 Kf7 127. Kh7
Ra1 128. Nh6+ Kf6 129. Ng8+ Kg5 130. Kg7 Ra7+ 131. Kf8 Kg6 132. Ne7+ Kf6 133.
Ng8+ Ke6 134. Nh6 Rh7 135. Ng8 Rf7+ 136. Ke8 Rf1 137. Ne7 Rh1 138. Kf8 Rf1+
139. Ke8 Ra1 140. Kd8 Ra7 141. Nc8 Rd7+ 142. Ke8 Rh7 143. Kd8 Rf7 144. Nb6
1/2-1/2

[Event "Open Semana Santa 2023"]
[Site "?"]
[Date "2023.04.07"]
[Round "5.92"]
[White "Torres Rebolledo, Alvaro"]
[Black "Abreu Sanchez, Leonel Jesus"]
[Result "1-0"]
[WhiteElo "2105"]
[BlackElo "1667"]
[PlyCount "83"]

1. e4 e5 2. Nf3 Nc6 3. Bc4 Bc5 4. c3 Nf6 5. d4 exd4 6. e5 d5 7. Bb5 Ne4 8. cxd4
Bb6 9. Nc3 O-O 10. Be3 Bg4 11. h3 Bh5 12. Qc2 Bg6 13. Qb3 Ne7 14. O-O c6 15.
Bd3 Nd2 16. Nxd2 Bxd3 17. Rfe1 Ba6 18. Qc2 Qd7 19. Nf3 Qf5 20. Qxf5 Nxf5 21. g4
Nxe3 22. Rxe3 c5 23. Nxd5 cxd4 24. Rb3 Bd8 25. Rc1 d3 26. Nb4 d2 27. Nxd2 Bg5
28. Nxa6 bxa6 29. Rc2 Rad8 30. Nf3 Bf4 31. Rb4 g5 32. Rb7 Rd1+ 33. Kg2 Ra1 34.
a3 Re8 35. Rcc7 Rf8 36. Rd7 Re8 37. Rxf7 Rb1 38. Rg7+ Kh8 39. Rxh7+ Kg8 40.
Nxg5 Bxe5 41. Rh6 Rc8 42. Rg6+ 1-0

[Event "Open Semana Santa 2023"]
[Site "?"]
[Date "2023.04.07"]
[Round "5.93"]
[White "Kiryttopoulos, Panagiotis Aris"]
[Black "CM Luke Brezmes, Cristofer"]
[Result "0-1"]
[WhiteElo "1556"]
[BlackElo "2095"]
[PlyCount "56"]

1. d4 d6 2. c4 e5 3. dxe5 dxe5 4. Qxd8+ Kxd8 5. Nc3 c6 6. Bg5+ f6 7. O-O-O+ Kc7
8. Bd2 Bc5 9. Ne4 Be7 10. h3 Bf5 11. Ng3 Bg6 12. h4 h5 13. e4 Bc5 14. f3 Ne7
15. b4 Bf2 16. Be1 Bxe1 17. Rxe1 a5 18. b5 Bf7 19. a3 Nd7 20. Nh3 Nb6 21. bxc6
Kxc6 22. Kb2 Kc5 23. Rc1 Rhd8 24. Be2 Rd2+ 25. Kc3 Rad8 26. Rhe1 Na4+ 27. Kb3
Rb2+ 28. Kxa4 Be8+ 0-1

[Event "Open Semana Santa 2023"]
[Site "?"]
[Date "2023.04.07"]
[Round "5.94"]
[White "FM Czopor, Maciej"]
[Black "Lizzul Coppe, Mirko"]
[Result "1-0"]
[WhiteElo "2403"]
[BlackElo "1902"]
[PlyCount "69"]
[EventDate "2023.??.??"]

1. e4 c5 2. Nf3 d6 3. d4 cxd4 4. Nxd4 Nf6 5. Nc3 a6 6. Rg1 e5 7. Nb3 Nc6 8. g4
Be6 9. g5 Nd7 10. Be3 Be7 11. Qd2 O-O 12. O-O-O Re8 13. Kb1 b5 14. Nd5 Bf8 15.
h4 Rb8 16. h5 a5 17. g6 a4 18. Nc1 b4 19. gxf7+ Bxf7 20. h6 g6 21. Bh3 Nc5 22.
Bxc5 dxc5 23. Bd7 Nd4 24. Bxe8 Bxe8 25. Qe3 Bf7 26. Nd3 b3 27. cxb3 axb3 28. a3
Nc2 29. Qg3 Bxd5 30. exd5 c4 31. Nxe5 Bd6 32. Qg4 Qe8 33. Nd7 Nxa3+ 34. bxa3
Be5 35. Qe6+ 1-0

[Event "Open Semana Santa 2023"]
[Site "?"]
[Date "2023.04.07"]
[Round "5.95"]
[White "Blazquez Sanz, Oscar"]
[Black "FM Neagu, Roberto Florin"]
[Result "0-1"]
[WhiteElo "1896"]
[BlackElo "2314"]
[Annotator "Usuario"]
[PlyCount "146"]
[EventDate "2023.??.??"]

1. e4 c5 2. Nf3 Nc6 3. d4 cxd4 4. Nxd4 g6 5. Be3 Nf6 6. Nc3 Bg7 7. f3 O-O 8.
Qd2 d5 9. O-O-O dxe4 10. Nxc6 Qxd2+ 11. Bxd2 bxc6 12. Nxe4 Nxe4 13. fxe4 Bg4
14. Re1 Rfb8 15. c3 Be6 16. b3 a5 17. Bc4 Bxc4 18. bxc4 a4 19. Kc2 Be5 20. h3
Rb7 21. Rb1 Rab8 22. Rxb7 Rxb7 23. Rb1 Rxb1 24. Kxb1 Bd6 25. Be3 f5 26. exf5
gxf5 27. Kb2 Bg3 28. Kc2 Kf7 29. Kd3 e5 30. Bc5 Ke6 31. Bb6 h5 32. Ba7 Be1 33.
Bg1 Kf6 34. Bh2 Bf2 35. Ke2 Bc5 36. Bg3 e4 37. Bf4 Ke6 38. Bh6 Bd6 39. Ke3 h4
40. Bg5 Be7 41. Bf4 Bf6 42. Kd2 Kf7 43. Ke2 Bxc3 44. Bg5 Bf6 45. Bf4 Kg6 46.
Bd6 $11 Bg5 47. Bc7 Kf7 48. Bb8 Ke6 49. Bc7 Kd7 50. Be5 Kc8 51. Bd6 Bf6 52. Ke3
Kd7 53. Bb8 Ke6 54. Kf4 Be7 55. Ba7 c5 56. Bb6 Bd6+ 57. Ke3 Ke5 58. Bd8 f4+ 59.
Ke2 Kd4 60. Bxh4 Kxc4 61. Bf6 Kd5 62. Bc3 Be5 63. Bd2 c4 64. Bc1 c3 65. h4 Ke6
66. h5 Kf5 67. Kf2 Bg7 68. g3 Bd4+ 69. Kg2 f3+ 70. Kf1 e3 71. Ke1 c2 72. h6
Bc3+ 73. Kf1 e2+ 0-1

[Event "Open Semana Santa 2023"]
[Site "?"]
[Date "2023.04.07"]
[Round "5.96"]
[White "IM Campos Gambuti, Luis Maria"]
[Black "WFM Yastrebova, Tatiana"]
[Result "1-0"]
[WhiteElo "2311"]
[BlackElo "1896"]
[PlyCount "71"]
[EventDate "2023.??.??"]

1. d4 Nf6 2. Nf3 e6 3. e3 d5 4. c4 c6 5. Nc3 Nbd7 6. Qc2 Bd6 7. Bd2 O-O 8. Bd3
dxc4 9. Bxc4 e5 10. O-O exd4 11. exd4 Nb6 12. Bb3 Bg4 13. Ne5 Bh5 14. h3 Nbd5
15. Bg5 Qc7 16. Rae1 Rfe8 17. f4 h6 18. Bh4 Nxc3 19. bxc3 Nd5 20. g4 Bg6 21.
Nxg6 fxg6 22. c4 Rxe1 23. Rxe1 Nxf4 24. c5+ Kh7 25. cxd6 Qxd6 26. Qc3 a5 27.
Bg3 g5 28. Kh2 a4 29. Bxa4 Qd5 30. Bc2+ Kh8 31. Bxf4 gxf4 32. Qd3 Qg8 33. Kg1
Rd8 34. Qg6 Rf8 35. Re7 Rf6 36. Qe4 1-0

[Event "Open Semana Santa 2023"]
[Site "?"]
[Date "2023.04.07"]
[Round "5.97"]
[White "FM Lozano Ramirez, Nestor Favian"]
[Black "Camarillas Castellano, Pau"]
[Result "1-0"]
[WhiteElo "2235"]
[BlackElo "1891"]
[PlyCount "127"]

1. c4 Nf6 2. g3 c6 3. Bg2 d5 4. Nf3 g6 5. b3 Bg7 6. Bb2 O-O 7. O-O Nbd7 8. Qc2
Re8 9. Nc3 e5 10. cxd5 Nxd5 11. d3 Nxc3 12. Bxc3 Nb6 13. Rfd1 Nd5 14. Bb2 Qe7
15. Nd2 Nb6 16. Rac1 Bf5 17. h3 Rac8 18. e4 Be6 19. Nf3 Nd7 20. d4 exd4 21.
Nxd4 Nb6 22. f4 Red8 23. Qf2 c5 24. Nxe6 Rxd1+ 25. Rxd1 Bxb2 26. Qxb2 Qxe6 27.
e5 Rc7 28. Rd8+ Kg7 29. Rd6 Qe7 30. g4 c4 31. bxc4 Nxc4 32. Qd4 Nb6 33. Bf1 Qh4
34. e6+ Qf6 35. exf7 Qxd4+ 36. Rxd4 Kxf7 37. a4 Rc5 38. Bd3 Kf6 39. Kf2 Rd5 40.
Rxd5 Nxd5 41. Kf3 h6 42. h4 Nc3 43. g5+ hxg5 44. hxg5+ Kf7 45. Bc2 a6 46. a5
Nb5 47. Ke4 Na7 48. Bb3+ Ke7 49. Bd5 Nb5 50. Ke5 Na3 51. Kd4 Nc2+ 52. Kc5 Ne3
53. Bxb7 Ke6 54. Bc8+ Ke7 55. Kd4 Nc2+ 56. Kc5 Ne3 57. Bb7 Ke6 58. Bxa6 Ng2 59.
Bc8+ Ke7 60. f5 gxf5 61. Bxf5 Nh4 62. Be4 Kd7 63. a6 Kc7 64. a7 1-0

[Event "Open Semana Santa 2023"]
[Site "?"]
[Date "2023.04.07"]
[Round "5.98"]
[White "Garbezza, Davide"]
[Black "CM Uribe, Jhonny Alberto"]
[Result "1-0"]
[WhiteElo "1879"]
[BlackElo "2223"]
[PlyCount "55"]

1. Nf3 c5 2. b3 Nf6 3. Bb2 Nc6 4. e3 a6 5. c4 d5 6. cxd5 Nxd5 7. Nc3 Bg4 8.
Nxd5 Qxd5 9. Bc4 Qd7 10. h3 Bf5 11. d4 cxd4 12. Nxd4 e5 13. Nxc6 Qxc6 14. O-O
f6 15. Rc1 Qd7 16. Qf3 e4 17. Qh5+ g6 18. Qh4 g5 19. Qh5+ Bg6 20. Qe2 Bg7 21.
Ba3 Bf8 22. Rfd1 Bxa3 23. Rxd7 Kxd7 24. Rd1+ Kc7 25. Qe1 Be7 26. Qa5+ b6 27.
Qc3 Rad8 28. Bxa6+ 1-0

[Event "Open Semana Santa 2023"]
[Site "?"]
[Date "2023.04.07"]
[Round "5.99"]
[White "Amoros Moran, Jose Joaquin"]
[Black "CM Aymerich Verdaguer, Eduard"]
[Result "0-1"]
[WhiteElo "1871"]
[BlackElo "2215"]
[PlyCount "90"]

1. e4 c5 2. Nf3 e6 3. Qe2 Nc6 4. c3 e5 5. g3 g6 6. Bg2 Bg7 7. O-O Nge7 8. d3 h6
9. Na3 O-O 10. Nc2 d5 11. h3 f5 12. Rd1 Be6 13. exd5 Bxd5 14. Ne3 Bf7 15. Nc4
Nd5 16. a4 Re8 17. Nfd2 Qc7 18. Nf1 Rad8 19. Nfe3 Nf6 20. Qf1 Qd7 21. h4 g5 22.
hxg5 hxg5 23. b3 f4 24. Nc2 Bh5 25. f3 Nd5 26. g4 Bg6 27. Bb2 Nf6 28. Qf2 b6
29. Bf1 e4 30. dxe4 Qxd1 31. Rxd1 Rxd1 32. Qe2 Rdd8 33. Nd2 Ne5 34. Ne1 Bf7 35.
Bc1 Rd7 36. Qd1 Red8 37. Qc2 Be6 38. Be2 Rd6 39. Kg2 Nfd7 40. Nb1 Nb8 41. Na3
Nbc6 42. Nb5 R6d7 43. Na3 Na5 44. c4 Nac6 45. Bb2 Rd2 0-1

[Event "Open Semana Santa 2023"]
[Site "?"]
[Date "2023.04.07"]
[Round "5.100"]
[White "Perez Epinin, Gines"]
[Black "Kocharin, Timur"]
[Result "0-1"]
[WhiteElo "1861"]
[BlackElo "2203"]
[PlyCount "72"]

1. d4 Nf6 2. Nf3 d5 3. g3 e6 4. Bg2 b5 5. O-O Be7 6. b3 Ba6 7. Bb2 Nbd7 8. Nbd2
Rb8 9. Re1 O-O 10. e4 dxe4 11. Ne5 Bb7 12. Nxe4 Nxe4 13. Bxe4 Bxe4 14. Rxe4 Rb6
15. Nxd7 Qxd7 16. Qe2 Bf6 17. a4 b4 18. Rd1 Rd6 19. Rd3 Rd8 20. Qd2 Qc6 21. Re2
Qb6 22. Re4 Rd5 23. Qf4 Qd6 24. Qd2 Bg5 25. Qe1 Bf6 26. Qd2 g6 27. Qe3 Qd7 28.
Qd2 c5 29. h3 Bg7 30. Ba1 a5 31. c3 bxc3 32. Bxc3 Bxd4 33. Bxd4 cxd4 34. Rh4 e5
35. Qh6 f6 36. Rg4 Qg7 0-1

[Event "Open Semana Santa 2023"]
[Site "?"]
[Date "2023.04.07"]
[Round "5.101"]
[White "Mascarell Canet, Ricardo"]
[Black "CM Balague Camps, Marc"]
[Result "0-1"]
[WhiteElo "1858"]
[BlackElo "2197"]
[PlyCount "74"]

1. d4 Nf6 2. Nf3 e6 3. c4 Bb4+ 4. Bd2 Qe7 5. e3 Bxd2+ 6. Qxd2 d6 7. Nc3 O-O 8.
Be2 Nbd7 9. O-O e5 10. Qc2 c6 11. a3 Re8 12. Rfe1 Nf8 13. h3 Ng6 14. Bf1 h6 15.
b4 Bd7 16. c5 d5 17. e4 Nxe4 18. Nxe4 dxe4 19. Qxe4 f5 20. Qc2 e4 21. Nd2 Be6
22. Nc4 Bxc4 23. Bxc4+ Kh8 24. Rad1 Nf4 25. Qb3 Rad8 26. Kh2 Qf6 27. b5 Rxd4
28. bxc6 bxc6 29. g3 Ng6 30. Bf7 Red8 31. Rxd4 Qxd4 32. Kg2 Ne5 33. Be6 f4 34.
gxf4 Nd3 35. Re3 Nxf4+ 36. Kf1 Rf8 37. Qc4 Nxe6 0-1

[Event "Open Semana Santa 2023"]
[Site "?"]
[Date "2023.04.07"]
[Round "5.102"]
[White "Urios Hernandez, Ramon"]
[Black "Salvador Buiza, Victor"]
[Result "0-1"]
[WhiteElo "1844"]
[BlackElo "2195"]
[PlyCount "58"]

1. d4 d5 2. Bf4 Nf6 3. e3 e6 4. Nf3 Bd6 5. Ne5 O-O 6. Nd2 c5 7. c3 Nc6 8. Bg3
Qc7 9. f4 Rd8 10. Bd3 Ne7 11. Bh4 Ng6 12. Bxf6 gxf6 13. Ng4 Kg7 14. h4 f5 15.
Ne5 f6 16. Nxg6 hxg6 17. h5 g5 18. h6+ Kh8 19. fxg5 Bg3+ 20. Kf1 fxg5 21. Nf3
g4 22. Nd2 e5 23. Rc1 c4 24. Be2 Re8 25. e4 fxe4 26. Bxg4 Qf7+ 27. Bf3 exf3 28.
gxf3 exd4 29. Kg2 Qg6 0-1

[Event "Open Semana Santa 2023"]
[Site "?"]
[Date "2023.04.07"]
[Round "5.103"]
[White "FM Eizaguerri Floris, Maria"]
[Black "Silva Pena, Angel David"]
[Result "1-0"]
[WhiteElo "2161"]
[BlackElo "1879"]
[Annotator "Usuario"]
[PlyCount "105"]

1. e4 c5 2. Nf3 e6 3. d4 cxd4 4. Nxd4 Nc6 5. Nc3 Qc7 6. g3 a6 7. Bg2 Nf6 8. O-O
Nxd4 9. Qxd4 Bc5 10. Bf4 d6 11. Qd2 h6 12. Rad1 e5 13. Be3 Bb4 14. a3 Bxc3 15.
Qxc3 Qxc3 16. bxc3 Be6 17. Rxd6 Rc8 18. Bb6 Nd7 19. Ba5 Ke7 20. Rfd1 b6 21.
Bxb6 Nxb6 22. Rxb6 Rxc3 23. Rxa6 Rxc2 24. f4 Rhc8 25. Ra7+ Kf8 26. f5 Rc1 27.
Rf1 Bb3 28. Bf3 Rxf1+ 29. Kxf1 Rc2 $11 30. Be2 Bc4 31. Bxc4 Rxc4 32. Kf2 Rxe4
33. Kf3 Re1 34. Kf2 Re4 35. a4 Kg8 36. a5 Ra4 37. Ke3 h5 38. a6 f6 39. Ra8+ Kf7
40. h4 Ra3+ 41. Ke4 Rxg3 42. Ra7+ Kf8 43. Rb7 Rg4+ 44. Kd5 Rxh4 45. a7 Ra4 46.
Rb8+ Kf7 47. a8=Q Rxa8 48. Rxa8 g5 49. Ra7+ Kg8 50. Ke6 g4 51. Kxf6 e4 52. Kg5
Kf8 53. f6 1-0

[Event "Open Semana Santa 2023"]
[Site "?"]
[Date "2023.04.07"]
[Round "5.104"]
[White "Padilla Lozano, Francisco Manuel"]
[Black "Zielonka, Adam"]
[Result "0-1"]
[WhiteElo "1855"]
[BlackElo "2156"]
[PlyCount "108"]
[EventDate "2023.??.??"]

1. d4 Nf6 2. Bf4 e6 3. e3 d5 4. Nf3 Bd6 5. Bg3 O-O 6. Bd3 c5 7. c3 Qc7 8. Nbd2
Nbd7 9. O-O e5 10. dxe5 Nxe5 11. Nxe5 Bxe5 12. Nf3 Bxg3 13. hxg3 Bg4 14. Qc2 h6
15. Bf5 Bxf5 16. Qxf5 Qb6 17. Rab1 Qa6 18. a3 Qe6 19. Qc2 Rac8 20. Rfd1 b6 21.
a4 Rfd8 22. Qd3 Qe4 23. Ra1 Qxd3 24. Rxd3 Rd6 25. Rad1 Rcd8 26. Kf1 Kf8 27. Ke2
Ke7 28. R3d2 Ne4 29. Rd3 c4 30. Rd4 Nc5 31. Rg4 g5 32. Nd4 Kf6 33. Nb5 R6d7 34.
Rgd4 Nb3 35. Rh1 Nxd4+ 36. Nxd4 Kg6 37. Ra1 Rb7 38. Rd1 Rd6 39. Nb5 Rdd7 40.
Nd4 a6 41. Nc6 f6 42. Nb4 a5 43. Nxd5 Kf7 44. e4 b5 45. Kd2 bxa4 46. Kc2 Rb3
47. Ra1 Rdb7 48. Ra2 a3 49. bxa3 Rb1 50. Ne3 Re1 51. Kd2 Rbb1 52. g4 Ke6 53. f3
a4 54. g3 Rh1 0-1

[Event "Open Semana Santa 2023"]
[Site "?"]
[Date "2023.04.07"]
[Round "5.105"]
[White "Roig Roig, Marc"]
[Black "Bevia Martinez, Luis"]
[Result "0-1"]
[WhiteElo "1840"]
[BlackElo "2111"]
[PlyCount "56"]

1. e4 c6 2. Nc3 d5 3. Nf3 dxe4 4. Nxe4 Nf6 5. Qe2 Bg4 6. Nxf6+ gxf6 7. Qe4 Bh5
8. d3 Qd5 9. Nd4 Bg6 10. Qxd5 cxd5 11. f4 Nc6 12. Be3 e5 13. Ne2 h5 14. O-O-O
Rc8 15. a3 b5 16. g3 Bf5 17. Bg2 d4 18. Bf2 b4 19. Bxc6+ Rxc6 20. axb4 Bxb4 21.
h3 Be6 22. Kb1 Kd7 23. Be1 Rb8 24. Nc1 Rcb6 25. Bxb4 Rxb4 26. b3 a5 27. Ka1 a4
28. Na2 R4b6 0-1

[Event "Open Semana Santa 2023"]
[Site "?"]
[Date "2023.04.07"]
[Round "5.106"]
[White "FM Lacrosse, Marc"]
[Black "Aura, Kristian"]
[Result "1/2-1/2"]
[WhiteElo "2081"]
[BlackElo "1877"]
[PlyCount "48"]

1. d4 d5 2. c4 e6 3. Nf3 Nf6 4. Bg5 Be7 5. Nc3 O-O 6. e3 h6 7. Bh4 Ne4 8. Bxe7
Qxe7 9. Rc1 Nxc3 10. Rxc3 dxc4 11. Bxc4 Rd8 12. Qc2 Nc6 13. O-O e5 14. d5 Nb4
15. Qb3 b5 16. Bxb5 Nxd5 17. Rcc1 Rb8 18. Qa4 a6 19. Bc6 Rxb2 20. h3 Qb4 21.
Qd1 Qd6 22. Qa4 Qb4 23. Qd1 Qb6 24. Qa4 Qb4 1/2-1/2

[Event "Open Semana Santa 2023"]
[Site "?"]
[Date "2023.04.07"]
[Round "5.107"]
[White "Cayon Pelaez, Pablo"]
[Black "Manzanares Lopez, Alejandro"]
[Result "1/2-1/2"]
[WhiteElo "2079"]
[BlackElo "1845"]
[PlyCount "59"]

1. d4 Nf6 2. c4 g6 3. Nc3 d5 4. cxd5 Nxd5 5. e4 Nxc3 6. bxc3 Bg7 7. Bc4 O-O 8.
Ne2 c5 9. Be3 Nc6 10. h4 Qa5 11. O-O cxd4 12. cxd4 Qh5 13. f3 Qxh4 14. Qd2 Qf6
15. e5 Qf5 16. Rad1 Kh8 17. Nf4 Qd7 18. e6 Qd6 19. Nh3 Bxe6 20. Bxe6 fxe6 21.
Qf2 Rad8 22. Rd2 e5 23. d5 Nd4 24. Ng5 Qxd5 25. Qh4 h6 26. Ne4 Nf5 27. Qf2 Qf7
28. Bxa7 Rxd2 29. Qxd2 Ra8 30. Bf2 1/2-1/2

[Event "Open Semana Santa 2023"]
[Site "?"]
[Date "2023.04.07"]
[Round "5.108"]
[White "WIM Varela La Madrid, Tilsia Carolin"]
[Black "Martino Girones, Gonzalo"]
[Result "1/2-1/2"]
[WhiteElo "2078"]
[BlackElo "1827"]
[Annotator "Usuario"]
[PlyCount "66"]

1. e4 c5 2. c3 Nf6 3. e5 Nd5 4. d4 cxd4 5. Nf3 d6 6. cxd4 Nc6 7. Bc4 dxe5 8.
Nxe5 e6 9. O-O Bd6 10. Re1 O-O 11. Nxc6 bxc6 12. Nc3 Nxc3 13. bxc3 c5 14. dxc5
Bxh2+ 15. Kxh2 Qh4+ 16. Kg1 Qxc4 17. Qd4 Ba6 18. Bf4 Qxd4 19. cxd4 Bb7 20. Rab1
Bd5 21. a4 Rac8 22. a5 f6 23. Bd6 Rfe8 24. Rb4 Rc6 25. f3 Ra6 26. Ra1 Kf7 27.
Kf2 g5 28. g4 Kg6 $11 29. Rab1 f5 30. Rb8 Rxb8 31. Bxb8 f4 32. Bc7 Rc6 33. Bb8
Ra6 1/2-1/2

[Event "Open Semana Santa 2023"]
[Site "?"]
[Date "2023.04.07"]
[Round "5.109"]
[White "WFM Guillo Longares, Cecilia"]
[Black "Prochaieva, Alina"]
[Result "1/2-1/2"]
[WhiteElo "2078"]
[BlackElo "1820"]
[Annotator "Usuario"]
[PlyCount "63"]

1. d4 Nf6 2. c4 e6 3. Nc3 d5 4. cxd5 Nxd5 5. e4 Nxc3 6. bxc3 c5 7. Nf3 cxd4 8.
cxd4 Bb4+ 9. Bd2 Bxd2+ 10. Qxd2 O-O 11. Bc4 Nc6 12. O-O Qd6 13. Rad1 b6 14.
Rfe1 Bb7 15. Bb3 Rfd8 16. e5 Qb4 17. Qf4 h6 18. Re3 Rac8 19. a3 Qa5 20. d5 Ne7
21. d6 Nd5 22. Bxd5 Bxd5 23. Qh4 Rd7 24. Ne1 Rc4 $11 25. Qh5 Rc3 26. Qh3 Rc4
27. Rg3 Kh7 28. Re3 Rd8 29. Qh5 Rd7 30. Qe2 Qa4 31. Qd2 Qc6 32. Qd3+ 1/2-1/2

[Event "Open Semana Santa 2023"]
[Site "?"]
[Date "2023.04.07"]
[Round "5.110"]
[White "WFM Abrisqueta Zudaire, Leyre"]
[Black "Santamaria Baeza, Adolfo"]
[Result "0-1"]
[WhiteElo "2077"]
[BlackElo "1815"]
[PlyCount "172"]

1. d4 Nf6 2. c4 e6 3. Nf3 Bb4+ 4. Bd2 Qe7 5. g3 a5 6. Nc3 O-O 7. Bg2 c6 8. O-O
d5 9. Qc2 Nbd7 10. Bf4 Re8 11. Rfe1 h6 12. a3 Bxc3 13. Qxc3 Ne4 14. Qc2 g5 15.
Bc1 f6 16. Qd3 Nf8 17. Nd2 f5 18. f3 Nf6 19. e4 Qf7 20. e5 Nh5 21. Nb1 Bd7 22.
Nc3 Red8 23. Bd2 Be8 24. c5 Qh7 25. Na4 Bg6 26. Qc3 f4 27. g4 Ng7 28. h4 gxh4
29. Bxf4 Nd7 30. Qd2 h5 31. Bh3 Rf8 32. Rf1 hxg4 33. fxg4 Rf7 34. Rf2 Bd3 35.
Rd1 Ba6 36. Nc3 Raf8 37. Kh2 b6 38. b4 axb4 39. axb4 bxc5 40. bxc5 Bc4 41. Rb1
Qg6 42. Rb7 Nxe5 43. Rxf7 Nxf7 44. Qe3 Ra8 45. Qc1 Re8 46. Qe1 Qd3 47. Be3 e5
48. Bf1 Qg6 49. Bxc4 exd4 50. Nxd5 cxd5 51. Bxd5 Rxe3 52. Qd1 Ne6 53. c6 Qg5
54. Rf5 Qd8 55. Qf1 Qc7+ 56. Kh1 Qg3 57. Rf2 Qxg4 58. Rg2 Rg3 59. Rh2 Nf4 60.
Bc4 Qf5 61. Qe1 Nh3 62. Qe8+ Kg7 63. Rg2 Qb1+ 64. Kh2 Rxg2+ 65. Kxg2 Qg1+ 66.
Kf3 Nfg5+ 67. Ke2 Nf4+ 68. Kd2 Nf3+ 69. Kc2 Qf2+ 70. Kb3 Nd2+ 71. Kb4 Nxc4 72.
Qd7+ Kg6 73. Qe8+ Kf5 74. Qd7+ Ke4 75. Kxc4 Qc2+ 76. Kb5 Qb3+ 77. Ka6 Nd5 78.
Qd8 Qa4+ 79. Kb7 Qb5+ 80. Ka7 Qxc6 81. Qxh4+ Kd3 82. Qh3+ Kc4 83. Qf1+ d3 84.
Qc1+ Nc3 85. Kb8 Qd6+ 86. Ka8 d2 0-1